Library Logo

Pioneer International University Library Catalogue

THE AIR PILOT'S MANUAL VOLUME 7 RADIOTELEPHONY (Record no. 2095)

MARC details
000 -LEADER
fixed length control field 00286nam a22000977a 4500
005 - DATE AND TIME OF LATEST TRANSACTION
control field 20250901165323.0
008 - FIXED-LENGTH DATA ELEMENTS--GENERAL INFORMATION
fixed length control field 210310b ||||| |||| 00| 0 eng d
050 ## - LIBRARY OF CONGRESS CALL NUMBER
Classification number TL693
245 ## - TITLE STATEMENT
Title THE AIR PILOT'S MANUAL VOLUME 7 RADIOTELEPHONY
Statement of responsibility, etc. POOLEY'S
942 ## - ADDED ENTRY ELEMENTS (KOHA)
Source of classification or shelving scheme Library of Congress Classification
Classification part TL693 .C33 2013
Holdings
Withdrawn status Lost status Source of classification or shelving scheme Damaged status Not for loan Home library Current library Shelving location Date acquired Total checkouts Full call number Barcode Date last seen Price effective from Koha item type
    Library of Congress Classification     Main Library Main Library   03/10/2021   TL693 .C33 2013 PIU0170501 03/10/2021 03/10/2021 Books